<?xml version="1.0" encoding="UTF-8"?>
<record
    xmlns:xsi="http://www.w3.org/2001/XMLSchema-instance"
    xsi:schemaLocation="http://www.loc.gov/MARC21/slim http://www.loc.gov/standards/marcxml/schema/MARC21slim.xsd"
    xmlns="http://www.loc.gov/MARC21/slim">

  <leader>01094nam a22002777a 4500</leader>
  <controlfield tag="005">20240530110351.0</controlfield>
  <controlfield tag="008">141223s2009    le d   g b    000 0 ara d</controlfield>
  <datafield tag="020" ind1=" " ind2=" ">
    <subfield code="a">9789953524740</subfield>
  </datafield>
  <datafield tag="040" ind1=" " ind2=" ">
    <subfield code="a">EG-CaGPL</subfield>
  </datafield>
  <datafield tag="041" ind1="0" ind2=" ">
    <subfield code="a">ara</subfield>
  </datafield>
  <datafield tag="082" ind1="0" ind2="4">
    <subfield code="2">21</subfield>
    <subfield code="a">363.7\</subfield>
    <subfield code="b">&#x639; &#x62D;</subfield>
  </datafield>
  <datafield tag="100" ind1="0" ind2=" ">
    <subfield code="a">&#x639;&#x628;&#x62F;&#x627;&#x644;&#x642;&#x627;&#x62F;&#x631; &#x627;&#x644;&#x634;&#x64A;&#x62E;&#x644;&#x64A;</subfield>
  </datafield>
  <datafield tag="245" ind1="1" ind2="0">
    <subfield code="a">&#x62D;&#x645;&#x627;&#x64A;&#x629; &#x627;&#x644;&#x628;&#x64A;&#x626;&#x629; :</subfield>
    <subfield code="b">&#x641;&#x649; &#x636;&#x648;&#x621; &#x627;&#x644;&#x634;&#x631;&#x64A;&#x639;&#x629; &#x648; &#x627;&#x644;&#x642;&#x627;&#x646;&#x648;&#x646; &#x648; &#x627;&#x644;&#x627;&#x62F;&#x627;&#x631;&#x629; &#x648; &#x627;&#x644;&#x62A;&#x631;&#x628;&#x64A;&#x629; &#x648; &#x627;&#x644;&#x627;&#x639;&#x644;&#x627;&#x645; /</subfield>
    <subfield code="c">&#x639;&#x628;&#x62F;&#x627;&#x644;&#x642;&#x627;&#x62F;&#x631; &#x627;&#x644;&#x634;&#x64A;&#x62E;&#x644;&#x64A;</subfield>
  </datafield>
  <datafield tag="250" ind1=" " ind2=" ">
    <subfield code="a">&#x637;1</subfield>
  </datafield>
  <datafield tag="260" ind1=" " ind2=" ">
    <subfield code="a">&#x628;&#x64A;&#x631;&#x648;&#x62A; :</subfield>
    <subfield code="b">&#x645;&#x646;&#x634;&#x648;&#x631;&#x627;&#x62A; &#x627;&#x644;&#x62D;&#x644;&#x628;&#x649; &#x627;&#x644;&#x62D;&#x642;&#x648;&#x642;&#x64A;&#x629; &#x60C;</subfield>
    <subfield code="c">2009</subfield>
  </datafield>
  <datafield tag="300" ind1=" " ind2=" ">
    <subfield code="a">311 &#x635; :</subfield>
    <subfield code="b">&#x62C;&#x62F;&#x627;&#x648;&#x644; &#x61B;</subfield>
    <subfield code="c">24 &#x633;&#x645;</subfield>
  </datafield>
  <datafield tag="504" ind1=" " ind2=" ">
    <subfield code="a">&#x628;&#x628;&#x644;&#x64A;&#x648;&#x62C;&#x631;&#x627;&#x641;&#x64A;&#x629; : &#x635; 291 - 308</subfield>
  </datafield>
  <datafield tag="650" ind1="0" ind2="4">
    <subfield code="a">&#x627;&#x644;&#x628;&#x64A;&#x626;&#x629;</subfield>
    <subfield code="x">&#x639;&#x644;&#x645;</subfield>
  </datafield>
  <datafield tag="650" ind1="0" ind2="4">
    <subfield code="a">&#x62D;&#x645;&#x627;&#x64A;&#x629; &#x627;&#x644;&#x628;&#x64A;&#x626;&#x629;</subfield>
  </datafield>
  <datafield tag="650" ind1="0" ind2="4">
    <subfield code="a">&#x62D;&#x645;&#x627;&#x64A;&#x629; &#x627;&#x644;&#x628;&#x64A;&#x626;&#x629;</subfield>
    <subfield code="x">&#x627;&#x644;&#x634;&#x631;&#x64A;&#x639;&#x629; &#x627;&#x644;&#x627;&#x633;&#x644;&#x627;&#x645;&#x64A;&#x629;</subfield>
  </datafield>
  <datafield tag="650" ind1="0" ind2="4">
    <subfield code="a">&#x627;&#x644;&#x627;&#x645;&#x646; &#x627;&#x644;&#x63A;&#x630;&#x627;&#x626;&#x649;</subfield>
  </datafield>
  <datafield tag="650" ind1="0" ind2="4">
    <subfield code="a">&#x627;&#x644;&#x627;&#x645;&#x646; &#x627;&#x644;&#x645;&#x627;&#x626;&#x649;</subfield>
  </datafield>
  <datafield tag="650" ind1="0" ind2="4">
    <subfield code="a">&#x627;&#x644;&#x628;&#x64A;&#x626;&#x629; &#x648; &#x627;&#x644;&#x627;&#x646;&#x633;&#x627;&#x646;</subfield>
    <subfield code="x">&#x627;&#x644;&#x62C;&#x648;&#x627;&#x646;&#x628; &#x627;&#x644;&#x627;&#x62E;&#x644;&#x627;&#x642;&#x64A;&#x629; &#x648; &#x627;&#x644;&#x62F;&#x64A;&#x646;&#x64A;&#x629;</subfield>
  </datafield>
  <datafield tag="942" ind1=" " ind2=" ">
    <subfield code="2">ddc</subfield>
    <subfield code="c">BK</subfield>
  </datafield>
  <datafield tag="999" ind1=" " ind2=" ">
    <subfield code="c">60073</subfield>
    <subfield code="d">60073</subfield>
  </datafield>
  <datafield tag="952" ind1=" " ind2=" ">
    <subfield code="0">0</subfield>
    <subfield code="1">0</subfield>
    <subfield code="4">0</subfield>
    <subfield code="7">0</subfield>
    <subfield code="a">CAI</subfield>
    <subfield code="b">CAI</subfield>
    <subfield code="d">2014-12-23</subfield>
    <subfield code="l">0</subfield>
    <subfield code="o">363.7\ &#x639; &#x62D;</subfield>
    <subfield code="p">159062</subfield>
    <subfield code="r">2014-12-23 00:00:00</subfield>
    <subfield code="w">2014-12-23</subfield>
    <subfield code="y">BK</subfield>
  </datafield>
</record>
